000 01337nam a2200301 a 4500
999 _c185987
_d185987
003 BLK
005 20250201005444.0
008 180411b bul|||||r ||||||| ||bul||
010 _aKNG00194981000
040 _aBLK
041 _aBUL
_cBUL
080 _aБългарска литература
_b821.163.2
_x-1
_z821.163.2-1
100 1 _aЛилиев, Николай
_qПопиванов, Николай Михайлов
_d1885-1960
_eпърви автор
_gПопиванов, Николай Михайлов
_988821
139 _aЛилиев, Николай
_bЛ 58
245 1 0 _aСъчинения
_bВ 3 т. -
_cНиколай Лилиев; под ред. на Георги Константинов.
_nТ. 1
_pСтихотворения
257 _aBGR
260 _aСофия
_bБълг. писател
_c1964 -
300 _a396 с., 4 л. портр., 2 л. факс
_c20 см
380 _aX
700 _aКонстантинов, Георги
_gХристов, Георги Константинов
_9364908
760 1 _aЛилиев, Николай
_d1964
_tТ. 1 Стихотворения
852 _aЦб 32444
_bЦб
856 4 _qpdf
856 4 _qpdf
942 _cKNG
_n0
_s1
944 _aCR
_c02.11.2016
_k
_lCRON CRON
944 _aED
_c02.11.2016
_kНаталия_Любомирова